| 000 | 00527cam a22002051 4500 | ||
|---|---|---|---|
| 001 | sa 63001747 | ||
| 003 | DLC | ||
| 005 | 20260227111929.0 | ||
| 008 | 890906m19591961ii 000 0 kano | ||
| 010 | _asa 63001747 | ||
| 035 | _a(OCoLC)20307160 | ||
| 040 |
_aDLC _cWaU _dDLC |
||
| 050 | 0 | 0 |
_aBL1135.P8 _bA54 |
| 130 | 0 |
_aPuranas. _pViṣṇupurāṇa. _lKanarese. |
|
| 245 | 1 | 0 | _aŚrimadbhāgavata kathāsāra. |
| 260 | _c[1959-61] | ||
| 300 |
_a2 v. (1276 p.) _c19 cm. |
||
| 500 | _aIn Kanarese. | ||
| 700 | 2 | _aRama Rao, M. | |
| 999 |
_c54113 _d54113 |
||